[Event "DVM U20w 2023"]
[Site "Magdeburg GER"]
[Date "2023.12.27"]
[Round "1"]
[White "Gyácsok, Dzvinka"]
[Black "Alferova, Emily"]
[Result "1-0"]
[Termination "normal"]
[Board "10.2"]
[WhiteElo "1565"]
[BlackElo "1589"]
[WhiteClock "00:32:26"]
[BlackClock "00:18:45"]
[WhiteTeam "SF Birkenfeld"]
[BlackTeam "SC Garching 1980"]
[PlyCount "89"]
[WhiteFideId "16298292"]
[BlackFideId "16265904"]
[EventCountry "GER"]
[EventRounds "7"]
[EventType "team-swiss"]
[EventDate "2023.12.26"]

1. e4 {[%clk 01:30:58]} {[%emt 00:00:02]} e5 {[%clk 01:30:41]} {[%emt
00:00:19]} 2. Nf3 {[%clk 01:31:21]} {[%emt 00:00:06]} Nc6 {[%clk 01:31:05]}
{[%emt 00:00:06]} 3. Bc4 {[%clk 01:31:45]} {[%emt 00:00:06]} Bc5 {[%clk
01:31:29]} {[%emt 00:00:06]} 4. Nc3 {[%clk 01:31:57]} {[%emt 00:00:18]} Nf6
{[%clk 01:31:08]} {[%emt 00:00:52]} 5. d3 {[%clk 01:32:09]} {[%emt 00:00:18]}
h6 {[%clk 01:30:59]} {[%emt 00:00:38]} 6. Be3 {[%clk 01:32:21]} {[%emt
00:00:19]} Bb6 {[%clk 01:28:26]} {[%emt 00:03:03]} 7. O-O {[%clk 01:26:47]}
{[%emt 00:06:04]} d6 {[%clk 01:25:45]} {[%emt 00:03:10]} 8. h3 {[%clk
01:26:38]} {[%emt 00:00:41]} O-O {[%clk 01:22:03]} {[%emt 00:04:11]} 9. Ne2
{[%clk 01:24:00]} {[%emt 00:03:07]} Nh5 {[%clk 01:01:09]} {[%emt 00:21:25]} 10.
Qd2 {[%clk 01:17:21]} {[%emt 00:07:08]} Qf6 {[%clk 00:38:45]} {[%emt 00:22:54]}
11. Kh2 {[%clk 01:03:55]} {[%emt 00:13:58]} Nd4 {[%clk 00:20:06]} {[%emt
00:19:08]} 12. Nfg1 {[%clk 00:56:55]} {[%emt 00:07:31]} g5 {[%clk 00:14:27]}
{[%emt 00:06:08]} 13. c3 {[%clk 00:49:09]} {[%emt 00:08:16]} Nxe2 {[%clk
00:14:25]} {[%emt 00:00:31]} 14. Qxe2 {[%clk 00:48:39]} {[%emt 00:01:01]} Nf4
{[%clk 00:11:29]} {[%emt 00:03:26]} 15. Qf3 {[%clk 00:44:03]} {[%emt 00:05:06]}
Qg6 {[%clk 00:11:07]} {[%emt 00:00:51]} 16. Rad1 {[%clk 00:28:10]} {[%emt
00:16:22]} h5 {[%clk 00:06:54]} {[%emt 00:04:44]} 17. Bxf4 {[%clk 00:22:33]}
{[%emt 00:06:07]} exf4 {[%clk 00:05:28]} {[%emt 00:01:57]} 18. g3 {[%clk
00:20:37]} {[%emt 00:02:25]} fxg3+ {[%clk 00:04:22]} {[%emt 00:01:37]} 19. Qxg3
{[%clk 00:19:38]} {[%emt 00:01:29]} h4 {[%clk 00:03:39]} {[%emt 00:01:12]} 20.
Qg2 {[%clk 00:19:27]} {[%emt 00:00:41]} g4 {[%clk 00:02:45]} {[%emt 00:01:26]}
21. Nf3 {[%clk 00:16:43]} {[%emt 00:03:13]} g3+ {[%clk 00:02:07]} {[%emt
00:01:09]} 22. fxg3 {[%clk 00:17:00]} {[%emt 00:00:13]} hxg3+ {[%clk 00:01:39]}
{[%emt 00:00:57]} 23. Qxg3 {[%clk 00:17:13]} {[%emt 00:00:17]} Qxg3+ {[%clk
00:02:01]} {[%emt 00:00:08]} 24. Kxg3 {[%clk 00:17:37]} {[%emt 00:00:06]} Kg7
{[%clk 00:01:04]} {[%emt 00:01:27]} 25. Ng5 {[%clk 00:16:13]} {[%emt 00:01:52]}
f6 {[%clk 00:00:35]} {[%emt 00:01:00]} 26. Ne6+ {[%clk 00:16:31]} {[%emt
00:00:12]} Bxe6 {[%clk 00:00:58]} {[%emt 00:00:07]} 27. Bxe6 {[%clk 00:16:57]}
{[%emt 00:00:05]} Rae8 {[%clk 00:00:56]} {[%emt 00:00:31]} 28. Bf5 {[%clk
00:16:13]} {[%emt 00:01:14]} Be3 {[%clk 00:00:39]} {[%emt 00:00:47]} 29. Rf3
{[%clk 00:14:36]} {[%emt 00:02:06]} Bh6 {[%clk 00:00:37]} {[%emt 00:00:33]} 30.
Rg1 {[%clk 00:13:11]} {[%emt 00:01:52]} Rg8 {[%clk 00:00:37]} {[%emt 00:00:34]}
31. Kf2+ {[%clk 00:10:57]} {[%emt 00:02:44]} Kf7 {[%clk 00:00:31]} {[%emt
00:00:36]} 32. Rfg3 {[%clk 00:10:47]} {[%emt 00:00:40]} Rxg3 {[%clk 00:00:33]}
{[%emt 00:00:28]} 33. Rxg3 {[%clk 00:11:06]} {[%emt 00:00:11]} Bg5 {[%clk
00:00:42]} {[%emt 00:00:20]} 34. Rg4 {[%clk 00:10:32]} {[%emt 00:01:04]} Rh8
{[%clk 00:00:44]} {[%emt 00:00:29]} 35. Kg3 {[%clk 00:09:42]} {[%emt 00:01:20]}
Bc1 {[%clk 00:00:34]} {[%emt 00:00:40]} 36. b3 {[%clk 00:09:36]} {[%emt
00:00:35]} Bd2 {[%clk 00:00:35]} {[%emt 00:00:31]} 37. c4 {[%clk 00:10:00]}
{[%emt 00:00:05]} Be1+ {[%clk 00:00:41]} {[%emt 00:00:24]} 38. Kg2 {[%clk
00:10:05]} {[%emt 00:00:26]} Rh6 {[%clk 00:00:32]} {[%emt 00:00:40]} 39. a4
{[%clk 00:08:12]} {[%emt 00:02:22]} b6 {[%clk 00:00:35]} {[%emt 00:00:26]} 40.
d4 {[%clk 00:07:21]} {[%emt 00:01:22]} Bc3 {[%clk 00:00:35]} {[%emt 00:00:30]}
41. d5 {[%clk 00:05:46]} {[%emt 00:02:05]} Be1 {[%clk 00:28:02]} {[%emt
00:03:02]} 42. Be6+ {[%clk 00:33:21]} {[%emt 00:02:55]} Ke8 {[%clk 00:21:39]}
{[%emt 00:06:53]} 43. Rg8+ {[%clk 00:32:42]} {[%emt 00:01:10]} Ke7 {[%clk
00:21:46]} {[%emt 00:00:22]} 44. Rg7+ {[%clk 00:32:44]} {[%emt 00:00:28]} Ke8
{[%clk 00:18:45]} {[%emt 00:03:31]} 45. Rxc7 {[%clk 00:32:26]} {[%emt
00:00:50]} 1-0

[Event "DVM U20w 2023"]
[Site "Magdeburg GER"]
[Date "2023.12.28"]
[Round "3"]
[White "Fock, Amina"]
[Black "Müdder, Melanie"]
[Result "1/2-1/2"]
[Termination "normal"]
[Board "1.1"]
[WhiteElo "1865"]
[BlackElo "1888"]
[WhiteClock "00:23:51"]
[BlackClock "00:15:50"]
[WhiteTeam "SC Kreuzberg"]
[BlackTeam "SG Solingen"]
[PlyCount "86"]
[WhiteFideId "12981982"]
[BlackFideId "12994103"]
[EventCountry "GER"]
[EventRounds "7"]
[EventType "team-swiss"]
[EventDate "2023.12.26"]

1. e4 {[%clk 01:30:57]} {[%emt 00:00:03]} c5 {[%clk 01:30:50]} {[%emt
00:00:10]} 2. Nf3 {[%clk 01:31:22]} {[%emt 00:00:06]} Nc6 {[%clk 01:31:15]}
{[%emt 00:00:05]} 3. Bb5 {[%clk 01:31:46]} {[%emt 00:00:05]} e5 {[%clk
01:31:31]} {[%emt 00:00:14]} 4. Bxc6 {[%clk 01:30:33]} {[%emt 00:01:43]} dxc6
{[%clk 01:31:54]} {[%emt 00:00:07]} 5. d3 {[%clk 01:29:49]} {[%emt 00:01:14]}
Bd6 {[%clk 01:31:29]} {[%emt 00:00:55]} 6. a4 {[%clk 01:27:47]} {[%emt
00:02:32]} b6 {[%clk 01:30:40]} {[%emt 00:01:19]} 7. O-O {[%clk 01:21:16]}
{[%emt 00:07:01]} h6 {[%clk 01:27:19]} {[%emt 00:03:51]} 8. Be3 {[%clk
01:16:14]} {[%emt 00:05:32]} Bg4 {[%clk 01:19:37]} {[%emt 00:08:12]} 9. h3
{[%clk 01:10:28]} {[%emt 00:06:15]} Be6 {[%clk 01:13:55]} {[%emt 00:06:12]} 10.
b3 {[%clk 00:59:12]} {[%emt 00:11:46]} g5 {[%clk 01:05:24]} {[%emt 00:09:02]}
11. Nfd2 {[%clk 00:44:36]} {[%emt 00:15:05]} g4 {[%clk 00:53:53]} {[%emt
00:12:02]} 12. hxg4 {[%clk 00:40:08]} {[%emt 00:04:58]} h5 {[%clk 00:46:59]}
{[%emt 00:07:24]} 13. g5 {[%clk 00:39:08]} {[%emt 00:01:29]} f6 {[%clk
00:39:50]} {[%emt 00:07:40]} 14. Nc4 {[%clk 00:32:21]} {[%emt 00:07:17]} fxg5
{[%clk 00:33:40]} {[%emt 00:06:41]} 15. Bxg5 {[%clk 00:31:52]} {[%emt
00:00:58]} Qxg5 {[%clk 00:33:14]} {[%emt 00:00:56]} 16. Nxd6+ {[%clk 00:32:17]}
{[%emt 00:00:05]} Kd7 {[%clk 00:33:18]} {[%emt 00:00:27]} 17. Nf5 {[%clk
00:32:31]} {[%emt 00:00:15]} Ne7 {[%clk 00:27:05]} {[%emt 00:06:43]} 18. Nd2
{[%clk 00:26:01]} {[%emt 00:07:00]} Rag8 {[%clk 00:23:37]} {[%emt 00:03:59]}
19. Ne3 {[%clk 00:24:52]} {[%emt 00:01:38]} Bg4 {[%clk 00:22:54]} {[%emt
00:01:13]} 20. Nf3 {[%clk 00:21:09]} {[%emt 00:04:13]} Qf4 {[%clk 00:18:58]}
{[%emt 00:04:25]} 21. Kh1 {[%clk 00:20:15]} {[%emt 00:01:24]} Ng6 {[%clk
00:16:47]} {[%emt 00:02:42]} 22. Nc4 {[%clk 00:11:35]} {[%emt 00:09:10]} h4
{[%clk 00:14:24]} {[%emt 00:02:52]} 23. Ncxe5+ {[%clk 00:11:48]} {[%emt
00:00:18]} Nxe5 {[%clk 00:13:59]} {[%emt 00:00:55]} 24. Nxe5+ {[%clk 00:12:10]}
{[%emt 00:00:08]} Qxe5 {[%clk 00:14:23]} {[%emt 00:00:06]} 25. Qd2 {[%clk
00:11:50]} {[%emt 00:00:49]} h3 {[%clk 00:12:35]} {[%emt 00:02:18]} 26. g3
{[%clk 00:11:41]} {[%emt 00:00:40]} h2 {[%clk 00:12:15]} {[%emt 00:00:50]} 27.
Qe3 {[%clk 00:10:51]} {[%emt 00:01:20]} Rf8 {[%clk 00:07:30]} {[%emt 00:05:16]}
28. f4 {[%clk 00:09:47]} {[%emt 00:01:33]} Qd4 {[%clk 00:07:16]} {[%emt
00:00:44]} 29. Qe1 {[%clk 00:07:33]} {[%emt 00:02:44]} Kc7 {[%clk 00:05:15]}
{[%emt 00:02:31]} 30. a5 {[%clk 00:06:32]} {[%emt 00:01:31]} b5 {[%clk
00:04:56]} {[%emt 00:00:50]} 31. a6 {[%clk 00:05:32]} {[%emt 00:01:29]} b4
{[%clk 00:04:42]} {[%emt 00:00:43]} 32. Rc1 {[%clk 00:05:27]} {[%emt 00:00:35]}
Re8 {[%clk 00:04:23]} {[%emt 00:00:50]} 33. Qf2 {[%clk 00:04:08]} {[%emt
00:01:49]} Kb6 {[%clk 00:03:21]} {[%emt 00:01:32]} 34. f5 {[%clk 00:03:15]}
{[%emt 00:01:23]} Ref8 {[%clk 00:02:36]} {[%emt 00:01:15]} 35. Qf4 {[%clk
00:03:07]} {[%emt 00:00:38]} Bh5 {[%clk 00:02:00]} {[%emt 00:01:07]} 36. Rf2
{[%clk 00:02:31]} {[%emt 00:01:05]} Bf7 {[%clk 00:01:03]} {[%emt 00:01:27]} 37.
g4 {[%clk 00:01:48]} {[%emt 00:01:12]} Rh3 {[%clk 00:00:52]} {[%emt 00:00:42]}
38. Rxh2 {[%clk 00:02:04]} {[%emt 00:00:14]} Rxh2+ {[%clk 00:01:05]} {[%emt
00:00:18]} 39. Kxh2 {[%clk 00:02:29]} {[%emt 00:00:04]} Rh8+ {[%clk 00:01:01]}
{[%emt 00:00:34]} 40. Kg2 {[%clk 00:02:38]} {[%emt 00:00:21]} Kxa6 {[%clk
00:00:46]} {[%emt 00:00:45]} 41. Qc7 {[%clk 00:26:58]} {[%emt 00:06:10]} Bd5
{[%clk 00:19:31]} {[%emt 00:11:45]} 42. exd5 {[%clk 00:25:35]} {[%emt
00:01:53]} Qxg4+ {[%clk 00:18:53]} {[%emt 00:01:08]} 43. Qg3 {[%clk 00:23:51]}
{[%emt 00:02:14]} Qxf5 {[%clk 00:15:50]} {[%emt 00:03:33]} 1/2-1/2

[Event "DVM U20w 2023"]
[Site "Magdeburg GER"]
[Date "2023.12.28"]
[Round "3"]
[White "Sereda, Yaroslava"]
[Black "Mazurtsova, Margarita"]
[Result "1-0"]
[Termination "normal"]
[Board "1.2"]
[WhiteElo "1958"]
[BlackElo "1682"]
[WhiteClock "00:08:54"]
[BlackClock "00:01:13"]
[WhiteTeam "SG Solingen"]
[BlackTeam "SC Kreuzberg"]
[PlyCount "59"]
[WhiteFideId "14178940"]
[BlackFideId "14188961"]
[EventCountry "GER"]
[EventRounds "7"]
[EventType "team-swiss"]
[EventDate "2023.12.26"]

1. e4 {[%clk 01:30:58]} {[%emt 00:00:02]} e6 {[%clk 01:30:50]} {[%emt
00:00:08]} 2. d4 {[%clk 01:30:37]} {[%emt 00:00:53]} d5 {[%clk 01:31:04]}
{[%emt 00:00:14]} 3. Nc3 {[%clk 01:30:36]} {[%emt 00:00:34]} Nf6 {[%clk
01:31:25]} {[%emt 00:00:08]} 4. exd5 {[%clk 01:20:53]} {[%emt 00:10:14]} exd5
{[%clk 01:29:53]} {[%emt 00:02:01]} 5. Bg5 {[%clk 01:16:30]} {[%emt 00:04:53]}
Be7 {[%clk 01:26:58]} {[%emt 00:03:23]} 6. Nf3 {[%clk 01:09:40]} {[%emt
00:07:23]} O-O {[%clk 01:22:08]} {[%emt 00:05:17]} 7. Be2 {[%clk 01:06:10]}
{[%emt 00:04:02]} Bf5 {[%clk 01:16:55]} {[%emt 00:05:42]} 8. O-O {[%clk
01:04:50]} {[%emt 00:01:51]} Ne4 {[%clk 01:15:13]} {[%emt 00:02:11]} 9. Bxe7
{[%clk 00:59:07]} {[%emt 00:06:14]} Qxe7 {[%clk 01:01:39]} {[%emt 00:14:02]}
10. Nxd5 {[%clk 00:58:56]} {[%emt 00:00:43]} Qd6 {[%clk 01:00:13]} {[%emt
00:01:52]} 11. Ne3 {[%clk 00:55:33]} {[%emt 00:03:57]} Bg6 {[%clk 00:58:02]}
{[%emt 00:02:40]} 12. c3 {[%clk 00:51:11]} {[%emt 00:04:52]} Nd7 {[%clk
00:54:20]} {[%emt 00:04:11]} 13. Nc4 {[%clk 00:45:23]} {[%emt 00:06:20]} Qf4
{[%clk 00:49:26]} {[%emt 00:05:20]} 14. Nce5 {[%clk 00:33:35]} {[%emt
00:12:21]} Nxe5 {[%clk 00:47:30]} {[%emt 00:02:24]} 15. Nxe5 {[%clk 00:33:32]}
{[%emt 00:00:35]} Kh8 {[%clk 00:40:48]} {[%emt 00:07:11]} 16. Bd3 {[%clk
00:30:13]} {[%emt 00:03:50]} Nf6 {[%clk 00:34:14]} {[%emt 00:07:03]} 17. g3
{[%clk 00:26:32]} {[%emt 00:04:12]} Qh6 {[%clk 00:29:15]} {[%emt 00:05:28]} 18.
h4 {[%clk 00:23:49]} {[%emt 00:03:15]} Bxd3 {[%clk 00:27:13]} {[%emt 00:02:31]}
19. Qxd3 {[%clk 00:23:44]} {[%emt 00:00:35]} Rad8 {[%clk 00:26:01]} {[%emt
00:01:40]} 20. Qf3 {[%clk 00:22:49]} {[%emt 00:01:27]} c6 {[%clk 00:23:56]}
{[%emt 00:02:35]} 21. Rfe1 {[%clk 00:22:31]} {[%emt 00:00:49]} Kg8 {[%clk
00:23:05]} {[%emt 00:01:20]} 22. Rad1 {[%clk 00:21:46]} {[%emt 00:01:16]} Nd5
{[%clk 00:21:36]} {[%emt 00:01:58]} 23. c4 {[%clk 00:20:08]} {[%emt 00:02:08]}
Nb6 {[%clk 00:19:52]} {[%emt 00:02:12]} 24. b3 {[%clk 00:16:34]} {[%emt
00:04:05]} f6 {[%clk 00:18:24]} {[%emt 00:01:58]} 25. Ng4 {[%clk 00:16:26]}
{[%emt 00:00:39]} Qg6 {[%clk 00:18:32]} {[%emt 00:00:21]} 26. Re7 {[%clk
00:14:35]} {[%emt 00:02:22]} h5 {[%clk 00:15:50]} {[%emt 00:03:12]} 27. Ne3
{[%clk 00:14:35]} {[%emt 00:00:30]} Nd7 {[%clk 00:15:12]} {[%emt 00:01:06]} 28.
Nf5 {[%clk 00:13:40]} {[%emt 00:01:26]} Rf7 {[%clk 00:14:41]} {[%emt 00:01:01]}
29. Rde1 {[%clk 00:10:18]} {[%emt 00:03:53]} Rdf8 {[%clk 00:01:13]} {[%emt
00:13:57]} 30. Rxf7 {[%clk 00:08:54]} {[%emt 00:01:54]} 1-0

[Event "DVM U20w 2023"]
[Site "Magdeburg GER"]
[Date "2023.12.28"]
[Round "3"]
[White "Komar, Valerie"]
[Black "Rudolph, Eva"]
[Result "0-1"]
[Termination "normal"]
[Board "1.3"]
[WhiteElo "1386"]
[BlackElo "1755"]
[WhiteClock "01:00:38"]
[BlackClock "00:31:45"]
[WhiteTeam "SC Kreuzberg"]
[BlackTeam "SG Solingen"]
[PlyCount "110"]
[WhiteFideId "34139664"]
[BlackFideId "16200594"]
[EventCountry "GER"]
[EventRounds "7"]
[EventType "team-swiss"]
[EventDate "2023.12.26"]

1. e4 {[%clk 01:30:58]} {[%emt 00:00:02]} c5 {[%clk 01:30:55]} {[%emt
00:00:06]} 2. c3 {[%clk 01:31:23]} {[%emt 00:00:04]} e5 {[%clk 01:31:19]}
{[%emt 00:00:07]} 3. Nf3 {[%clk 01:31:48]} {[%emt 00:00:04]} Nc6 {[%clk
01:31:40]} {[%emt 00:00:10]} 4. d4 {[%clk 01:32:04]} {[%emt 00:00:12]} cxd4
{[%clk 01:32:01]} {[%emt 00:00:10]} 5. cxd4 {[%clk 01:32:25]} {[%emt 00:00:09]}
exd4 {[%clk 01:32:18]} {[%emt 00:00:14]} 6. Nxd4 {[%clk 01:32:48]} {[%emt
00:00:06]} Nf6 {[%clk 01:32:23]} {[%emt 00:00:25]} 7. Nxc6 {[%clk 01:27:56]}
{[%emt 00:05:22]} dxc6 {[%clk 01:32:24]} {[%emt 00:00:30]} 8. Qxd8+ {[%clk
01:28:16]} {[%emt 00:00:10]} Kxd8 {[%clk 01:32:42]} {[%emt 00:00:11]} 9. Bd3
{[%clk 01:26:45]} {[%emt 00:01:59]} Be6 {[%clk 01:26:36]} {[%emt 00:06:39]} 10.
O-O {[%clk 01:22:06]} {[%emt 00:05:08]} Bc5 {[%clk 01:24:26]} {[%emt 00:02:39]}
11. Nc3 {[%clk 01:17:05]} {[%emt 00:05:32]} Ke7 {[%clk 01:19:39]} {[%emt
00:05:16]} 12. e5 {[%clk 01:06:42]} {[%emt 00:10:52]} Ng4 {[%clk 01:08:33]}
{[%emt 00:11:38]} 13. Bg5+ {[%clk 01:03:23]} {[%emt 00:03:48]} Kf8 {[%clk
01:02:31]} {[%emt 00:06:33]} 14. Ne4 {[%clk 00:56:36]} {[%emt 00:07:16]} Bd4
{[%clk 00:59:41]} {[%emt 00:03:21]} 15. Bf4 {[%clk 00:54:51]} {[%emt 00:02:15]}
Bxe5 {[%clk 00:54:40]} {[%emt 00:05:31]} 16. Bxe5 {[%clk 00:54:06]} {[%emt
00:01:15]} Nxe5 {[%clk 00:55:03]} {[%emt 00:00:07]} 17. Bc2 {[%clk 00:54:24]}
{[%emt 00:00:12]} Bd5 {[%clk 00:44:51]} {[%emt 00:10:42]} 18. Nd6 {[%clk
00:51:38]} {[%emt 00:03:15]} b6 {[%clk 00:41:36]} {[%emt 00:03:46]} 19. Rfe1
{[%clk 00:49:59]} {[%emt 00:02:09]} f6 {[%clk 00:39:48]} {[%emt 00:02:19]} 20.
Re3 {[%clk 00:48:20]} {[%emt 00:02:04]} Rd8 {[%clk 00:35:07]} {[%emt 00:05:13]}
21. Rae1 {[%clk 00:44:37]} {[%emt 00:04:15]} Rxd6 {[%clk 00:30:58]} {[%emt
00:04:39]} 22. f4 {[%clk 00:44:34]} {[%emt 00:00:33]} Kf7 {[%clk 00:30:22]}
{[%emt 00:01:07]} 23. fxe5 {[%clk 00:44:36]} {[%emt 00:00:27]} fxe5 {[%clk
00:29:07]} {[%emt 00:01:44]} 24. Rxe5 {[%clk 00:44:57]} {[%emt 00:00:10]} Re6
{[%clk 00:28:27]} {[%emt 00:01:09]} 25. Rf5+ {[%clk 00:40:05]} {[%emt
00:05:23]} Ke7 {[%clk 00:27:45]} {[%emt 00:01:09]} 26. Ref1 {[%clk 00:37:42]}
{[%emt 00:02:54]} Re2 {[%clk 00:26:58]} {[%emt 00:01:19]} 27. R5f2 {[%clk
00:35:51]} {[%emt 00:02:20]} Rxf2 {[%clk 00:26:20]} {[%emt 00:01:09]} 28. Rxf2
{[%clk 00:36:11]} {[%emt 00:00:08]} g6 {[%clk 00:22:15]} {[%emt 00:04:36]} 29.
Re2+ {[%clk 00:35:35]} {[%emt 00:01:07]} Kd7 {[%clk 00:20:47]} {[%emt
00:01:57]} 30. Rd2 {[%clk 00:35:24]} {[%emt 00:00:42]} Kc7 {[%clk 00:17:45]}
{[%emt 00:03:32]} 31. a3 {[%clk 00:34:05]} {[%emt 00:01:49]} Rf8 {[%clk
00:17:14]} {[%emt 00:01:01]} 32. Re2 {[%clk 00:33:44]} {[%emt 00:00:50]} Kd6
{[%clk 00:17:04]} {[%emt 00:00:40]} 33. h3 {[%clk 00:32:13]} {[%emt 00:02:01]}
Rf7 {[%clk 00:16:59]} {[%emt 00:00:35]} 34. Rd2 {[%clk 00:32:24]} {[%emt
00:00:20]} Kc5 {[%clk 00:16:35]} {[%emt 00:00:54]} 35. Rd3 {[%clk 00:32:01]}
{[%emt 00:00:52]} Bc4 {[%clk 00:14:45]} {[%emt 00:02:19]} 36. Rc3 {[%clk
00:32:12]} {[%emt 00:00:20]} Kd4 {[%clk 00:11:10]} {[%emt 00:04:05]} 37. Rg3
{[%clk 00:32:07]} {[%emt 00:00:36]} Rf4 {[%clk 00:07:59]} {[%emt 00:03:38]} 38.
b3 {[%clk 00:31:09]} {[%emt 00:01:30]} Rf1+ {[%clk 00:07:36]} {[%emt 00:00:54]}
39. Kh2 {[%clk 00:31:24]} {[%emt 00:00:15]} Bd5 {[%clk 00:07:09]} {[%emt
00:00:57]} 40. Rd3+ {[%clk 00:31:06]} {[%emt 00:00:47]} Ke5 {[%clk 00:06:00]}
{[%emt 00:01:39]} 41. Re3+ {[%clk 00:30:42]} {[%emt 00:00:55]} Kf4 {[%clk
00:03:18]} {[%emt 00:03:09]} 42. Rg3 {[%clk 00:30:32]} {[%emt 00:00:41]} Rh1+
{[%clk 00:29:45]} {[%emt 00:04:03]} 43. Kxh1 {[%clk 01:00:44]} {[%emt
00:00:19]} Kxg3 {[%clk 00:30:11]} {[%emt 00:00:05]} 44. h4 {[%clk 01:00:49]}
{[%emt 00:00:24]} Bxg2+ {[%clk 00:30:15]} {[%emt 00:00:27]} 45. Kg1 {[%clk
01:01:14]} {[%emt 00:00:05]} Bf3 {[%clk 00:30:10]} {[%emt 00:00:34]} 46. b4
{[%clk 01:00:58]} {[%emt 00:00:47]} Kxh4 {[%clk 00:30:27]} {[%emt 00:00:12]}
47. Kf2 {[%clk 00:59:49]} {[%emt 00:01:39]} Bd5 {[%clk 00:30:33]} {[%emt
00:00:25]} 48. Bd3 {[%clk 00:59:56]} {[%emt 00:00:23]} Kg5 {[%clk 00:30:37]}
{[%emt 00:00:25]} 49. Kg3 {[%clk 01:00:17]} {[%emt 00:00:10]} h5 {[%clk
00:30:52]} {[%emt 00:00:16]} 50. Kh3 {[%clk 00:59:20]} {[%emt 00:01:26]} Be6+
{[%clk 00:30:56]} {[%emt 00:00:26]} 51. Kg3 {[%clk 00:59:40]} {[%emt 00:00:09]}
h4+ {[%clk 00:30:50]} {[%emt 00:00:36]} 52. Kg2 {[%clk 01:00:05]} {[%emt
00:00:06]} Bf5 {[%clk 00:31:03]} {[%emt 00:00:18]} 53. Be2 {[%clk 01:00:02]}
{[%emt 00:00:32]} Kf4 {[%clk 00:31:13]} {[%emt 00:00:20]} 54. Kf2 {[%clk
01:00:14]} {[%emt 00:00:17]} g5 {[%clk 00:31:22]} {[%emt 00:00:22]} 55. Bf3
{[%clk 01:00:38]} {[%emt 00:00:06]} Be4 {[%clk 00:31:45]} {[%emt 00:00:07]} 0-1